| 000 | 00718nam a2200193Ii 4500 | ||
|---|---|---|---|
| 003 | JO-AjNU | ||
| 008 | 230605s9999||||xx |||||||||||||| ||und|| | ||
| 040 |
_aJO-AjNU _bara _erda _cJO-AjNU |
||
| 041 | _aara | ||
| 050 | 1 | 4 | _aDT107.83.A8268 1970 |
| 100 | 3 |
_aعطوي، فوزي, _eauthor _956953 |
|
| 245 | 0 | 0 | _aجمال عبد الناصر رائد التاريخ العربي الحديث |
| 264 | 3 | 1 | _aبيروت: الشركة اللبنانية للكتاب للطباعة والنشر والتوزيع، 1970 |
| 300 | _a224ص | ||
| 336 |
_atext _btxt _2rdacontent |
||
| 337 |
_aunmediated _bn _2rdamedia |
||
| 338 |
_avolume _bnc _2rdacarrier |
||
| 650 | 4 |
_aمصر- تاريخ- جمال عبد الناصر _956954 |
|
| 999 |
_aA25494 _c29062 _d29062 |
||